Sports Quiz

Random Sports or NBA Quiz

Best NBA players with no rings Quiz Stats

 Plays Quiz not verified by Sporcle

Also try: Sport by Socks
Challenge
Share
Tweet
Embed
Score 0/20 Timer 10:00
0 Plays Today
Hint Answer % Correct
Utah JazzJohn Stockton
91.1%
Utah JazzKarl Malone
91.1%
Philadelphia 76ers,Denver NuggetsAllen Iverson
89.1%
Orlando Magic,Toronto Raptors,Houston Rockets,San Antonio SpursTracy McGrady
84.2%
Oklahoma City ThunderKevin Durant
84.2%
New Orleans Hornets,Los Angeles ClippersChris Paul
83.2%
Phoenix Suns,Houston RocketsCharles Barkley
81.2%
Indiana PacersReggie Miller
80.2%
Oklahoma City ThunderRussell Westbrook
80.2%
New York Knicks,San Antonio SpursPatrick Ewing
79.2%
Hint Answer % Correct
Phoenix Suns,Dallas Mavericks,Los Angeles LakersSteve Nash
76.2%
Toronto Raptors,Dallas Mavericks,Memphis GrizzliesVince Carter
74.3%
Denver Nuggets,New York KnicksCarmelo Anthony
64.4%
Sacramento KingsChris Webber
60.4%
Los Angeles Lakers Elgin Baylor
57.4%
Atlanta Hawks,Los Angeles ClippersDominique Wilkins
53.5%
Denver NuggetsAlex English
49.5%
San Antonio Spurs,Chicago Bulls,Dallas MavericksGeorge Gervin
40.6%
Denver Nuggets,Philadelphia 76ers,Houston RocketsDikembe Mutombo
38.6%
New York Knicks,Washington BulletsBernard King
32.7%

You're not logged in!

Compare scores with friends on all Sporcle quizzes.
Join for Free
OR
Log In

You Might Also Like...

Show Comments

Extras

Created Oct 4, 2016ReportNominate
Tags:NBA Quiz, player, ring

Top Quizzes Today


Score Distribution

Your Account Isn't Verified!

In order to create a playlist on Sporcle, you need to verify the email address you used during registration. Go to your Sporcle Settings to finish the process.

Report this User

Report this user for behavior that violates our Community Guidelines.

Details: